1406 1348 1968 1626 1582 1407 1774 1376 1587 1442 1162 1943 1449 1863 1334 1687 1258 1900 1758 1994 1719 1611 1836 1648 1989 1287 1604 1779 1019 1733 1597 1093 1454 1081 1519 1551 1475 1732 1150 1733 1469 1288 1249 1125 1708 1623 1278 1160 1710 1945 1317 1467 1658 1103 1578 1947 1857 1120 1302 1375 1104 1315 1714 1114 1718 1652 1554 1827 1318 1020 1766 1944 1202 1728 1309 1515 1099 1796 1305 1236 1969 1057 1006 1734 1814 1220 1721 1201 1227 1428 1030 1950 1773 1944 1655 1101 1067 1145 1042 BCNSPRNW ULIB Ver.6.0+V

เปลี่ยนเป็นภาษาไทย

Change to English
 แสดงรายละเอียดบรรณานุกรม
  กลับหน้าหลัก

Brief Record : Get Marc (ISO 2709) : E-mail record : QR code < ปิดหน้าต่าง
LEADER : 00000nam 2200000uu 4500
001    13399114759
003     ULIB
008    120514s2554||||th 000 0 tha d
020    ^a9786167283203
060 04 ^aWD300^bป615ห
100 0  ^aปิติกานต์ บูรณาภาพ
245 00 ^aหอบ หืด ภูมิแพ้ ดูแลเป็น ใช้ชีวิตอย่าง...มีสุข เสมือนคน...ไม่มีโรค=^bLiving Well with Asthma & Allergies /^cปิติกานต์ บูรณาภาพ
246 31 ^aLiving Well with Asthma & Allergies
260    ^aกรุงเทพฯ :^bวิทยสถาน,^c2554
300    ^a240 หน้า :^bภาพประกอบ
650  7 ^aหอบ^xการรักษา
650  7 ^aภูมิแพ้^xการรักษา
650  7 ^aหืด^xการรักษา
945    ^p180^l0^i19037
945    ^p180^l0^i19038
995    ^aกัณชพร
999    ^aใช้งานได้ทุกระบบ
รายการนี้ยังไม่มีแท็ก
คุณยังไม่ได้ล็อกอิน คุณสามารถมีกิจกรรมร่วมกับเว็บไซต์ได้ แต่ต้องล็อกอินก่อน ::
  ล็อกอิน

รายการสื่อสารสนเทศ

ลำดับที่ ประเภท เลขเรียก/บาร์โค้ด สถานที่ สถานะ
1. วิทยาศาสตร์การแพทย์ และสุขภาพ
วิทยาศาสตร์การแพทย์ และสุขภาพ
สถานะ=หนังสือเก่า
WD300 ป615ห  
  Barcode: 19037
ห้องสมุดวิทยาเขตนครสวรรค์
►ส่วนจัดเก็บหนังสือเก่า นว.
บนชั้น
  ขอยืม
2. วิทยาศาสตร์การแพทย์ และสุขภาพ
วิทยาศาสตร์การแพทย์ และสุขภาพ
สถานะ=หนังสือเก่า
WD300 ป615ห ฉ.2 
  Barcode: 19038
ห้องสมุดวิทยาเขตนครสวรรค์
►ส่วนจัดเก็บหนังสือเก่า นว.
บนชั้น
  ขอยืม

รายการใกล้เคียง
    ผู้แต่ง [ปิติกานต์ บูรณาภาพ]

BibComment


ยังไม่เคยถูกคอมเมนท์

คอมเมนท์ทรัพยากรรายการนี้
  คอมเมนท์: หอบ หืด ภูมิแพ้ ..


 Copyright 2026. Bcnsprnw @Library